Του κανενός το ρόδο = Die niemandsrose
Αποθηκεύτηκε σε:
| Κύριος συγγραφέας: | |
|---|---|
| Άλλοι συγγραφείς: | |
| Μορφή: | Βιβλίο |
| Γλώσσα: | Greek German |
| Δημοσίευση: |
[Αθήνα] :
Άγρα,
1995.
|
| Σειρά: | Ξένη ποίηση (Άγρα)
|
| Θέματα: | |
| Ετικέτες: |
Προσθήκη ετικέτας
Δεν υπάρχουν, Καταχωρήστε ετικέτα πρώτοι!
|
MARC
| LEADER | 00000cam a2200000 i 4500 | ||
|---|---|---|---|
| 001 | 1/98641 | ||
| 008 | 081202s1995####gr | | ||| |||| ||gre|| | ||
| 020 | |a 9603251410 | ||
| 035 | |l 10102167 | ||
| 040 | |a GR-MY-UA |b gre |e aacr | ||
| 041 | 0 | |a gre |a ger | |
| 082 | 0 | |a 831.914 |2 (22) | |
| 100 | 1 | |a Celan, Paul. | |
| 245 | 1 | 4 | |a Του κανενός το ρόδο = |b Die niemandsrose / |c Paul Celan ; εισαγωγή - μετάφραση - σημειώσεις Χ.Γ. Λάζος. |
| 246 | 1 | |i Παράλληλος τίτλος: |a Die niemandsrose | |
| 260 | |a [Αθήνα] : |b Άγρα, |c 1995. | ||
| 300 | |a 251 σ. : |b εικ., 1 χάρτης ; |c 17 εκ. | ||
| 490 | 1 | |a Ξένη ποίηση | |
| 600 | 1 | 0 | |a Celan, Paul. |
| 650 | 0 | 0 | |a German poetry. |
| 700 | 1 | |a Λάζος, Χρήστος Γ., |d 1949- |4 aui |4 trl | |
| 830 | 0 | |a Ξένη ποίηση (Άγρα) | |
| 852 | |a INST |b LESVOS |e 20081202 |h 831.914 CEL |p 005100043605 |q 005100043605 |t BK |y 0 | ||
| 901 | |a BIBL1-2008-3 | ||
| 909 | |a Λ |b 157457 | ||
| 970 | |a ΚΑΡΑ |b ΓΙΑΣΕΜΗ |z 2008/12/02 | ||